Представление документа в формате RUSMARC

ПолеНазваниеЗначение
  Тип записи a
  Библиографический уровень a
001 Контрольный номер RU/CBS_UL/BASE/647032694
005 Дата корректировки 20240209175242.9
100 Данные общей обработки __
a Данные общей обработки 20200702d2020 ||| 0rusy0189 ca
101 Язык документа 0_
a Язык текста rus
102 Страна публикации __
a Страна публикации RU
105 Кодированные данные (монография) __
a Кодированные данные (монография) y###||||000|y
181 Поле кодированных данных: вид содержания _1
a Код вида содержания (ISBD) i#
b Код характеристики содержания (ISBD) #xxe##
d i
g x
h x
i e
2 Код системы (источник кода, отличный от ISBD) isbdcontent
182 Поле кодированных данных: тип средства _1
a Код типа средства (ISBD) n
2 Код системы (источник кода, отличный от ISBD) isbdmedia
200 Заглавие и сведения об ответственности 1_
a Заглавие От "Метро 2033" к "Тексту"
b Общее обозначение материала Текст
e Сведения, относящиеся к заглавию [экранизация романа Д. Глуховского "Текст"]
f Первые сведения об ответственности В. Суриков
w Текст (визуальный) : непосредственный
203 Вид содержания и тип средства __
a Вид содержания Текст
b Характеристика содержания визуальный
c Тип средства непосредственный
333 Примечание о целевом назначении __
a Примечание о целевом назначении 16+
461 Уровень набора _0
1 2000
a Эксперт
463 Уровень физической единицы _0
1 001RU/CBS_UL/BASE/635968921
1 2000
a № 43 (21 октября)
v С. 56-59: фото.
1 210
d 2019
600 Персоналии _0
a Персоналии (Фамилия) Глуховский
b Персоналии (Имя, инициалы) Д.
606 Тематические рубрики 0_
a Основная рубрика Кино в Российской Федерации - 21 в. - Экранизации
610 Ключевые слова 0_
a Ключевые слова киноискусство
a Ключевые слова экранизации
a Ключевые слова российский кинематограф
a Ключевые слова фильмы
a Ключевые слова современные фильмы
a Ключевые слова Текст (фильмы)
686 Индексы других классификаций __
a Классификационный индекс 85.373(2)
2 Код системы rubbk
700 Автор _1
a Фамилия Суриков
b Имя (инициалы) В.
801 Источник записи _0
a Страна RU
b Организация МБУК ЦБС г. Ульяновска
c Дата составления 20200702
g Правила каталогизации RCR
801 Источник записи _1
a Страна RU
b Организация МБУК ЦБС г. Ульяновска
c Дата составления 20200702
g Правила каталогизации RCR
901 Тип документа __
t Тип документа b
w Контрольный № источника RU/CBS_UL/BASE/635968921
910 Корректоры записи __
a Корректор записи Библиотека 8
938 Служебная информация __
a Имя БД period